[Event "BL2 West 0809 (Women)"]
[Site "Germany"]
[Date "2009.03.07"]
[Round "6.5"]
[White "Greve, Doerte"]
[Black "Kube, Hannelore"]
[Result "0-1"]
[WhiteElo "1137"]
[BlackElo "2013"]
[PlyCount "72"]
[EventDate "2008.11.08"]
[EventType "team-tourn"]
[EventRounds "7"]
[EventCountry "GER"]
[SourceTitle "EXT 2010"]
[Source "ChessBase"]
[SourceDate "2010.11.25"]
[SourceVersion "1"]
[SourceVersionDate "2010.11.25"]
[SourceQuality "1"]
[WhiteTeam "Erftstadt SV (W)"]
[BlackTeam "Erfurt Medizin (W)"]
[WhiteTeamCountry "GER"]
[BlackTeamCountry "GER"]

1. e4 e5 2. Nf3 Nc6 3. Bc4 Bc5 4. d3 Nf6 5. Nc3 d6 6. Be3 Bxe3 7. fxe3 Na5 8. Bb3 Nxb3 9. axb3 c6 10. d4 Qe7 11. Qe2 Bg4 12. h3 Bh5 13. Rg1 Bg6 14. Nd2 d5 15. Qf3 Nxe4 16. Ndxe4 dxe4 17. Qe2 exd4 18. exd4 0-0 19. 0-0-0 Rad8 20. Rge1 Rfe8 21. g3 Rd6 22. Qe3 h6 23. h4 Qd7 24. Ne2 Bh5 25. c3 b5 26. Rd2 Bxe2 27. Rdxe2 Rf6 28. Qd2 Qg4 29. Rg1 Rf3 30. Reg2 b4 31. Kc2 e3 32. Qe1 Qe4+ 33. Kc1 bxc3 34. bxc3 e2 35. Rh2 Qe3+ 36. Kc2 Qxg1 0-1